书目信息 |
| 题名: |
食品辐照加工技术
|
|
| 作者: | 汪勋清 , 哈益明 , 高美须 编著 | |
| 分册: | ||
| 出版信息: | 北京 化学工业出版社 2005 |
|
| 页数: | 293页 | |
| 开本: | 24cm | |
| 丛书名: | 现代食品加工新技术丛书 | |
| 单 册: | ||
| 中图分类: | TS205.9 | |
| 科图分类: | ||
| 主题词: | 食品贮藏--辐射贮藏 , 食品贮藏 , 辐射贮藏 | |
| 电子资源: | ||
| ISBN: | 7-5025-6333-4 | |
| 000 | 01087oam2 2200313 450 | |
| 001 | 002837907 | |
| 005 | 20080303094348.20 | |
| 010 | @a7-5025-6333-4@dCNY32.00 | |
| 035 | @a002837907 | |
| 100 | @a20050221d2005 em y0chiy0110 ea | |
| 101 | 0 | @achi |
| 102 | @aCN@b110000 | |
| 105 | @aa z 000yy | |
| 106 | @ar | |
| 200 | 1 | @a食品辐照加工技术@Ashi pin fu zhao jia gong ji shu@f汪勋清,哈益明,高美须编著 |
| 210 | @a北京@c化学工业出版社@d2005 | |
| 215 | @a293页@c图@d24cm | |
| 225 | 2 | @a现代食品加工新技术丛书 |
| 330 | @a本书介绍了食品辐照加工技术的基本原理、加工工艺、技术经济可行性、辐照检疫、辐照食品质量管理、辐照食品商业化和国际贸易,全面反映了粮食产品、园艺产品、畜禽产品、水产品、功能食品的辐照加工技术的发展现状和前景。 | |
| 461 | 0 | @1001002847578@12001 @a现代食品加工新技术丛书 |
| 606 | 0 | @a食品贮藏@x辐射贮藏 |
| 606 | 0 | @a食品贮藏 |
| 606 | 0 | @a辐射贮藏 |
| 690 | @aTS205.9@v4 | |
| 701 | 0 | @a汪勋清@Awang xun qing@4编著 |
| 701 | 0 | @a哈益明@Aha yi ming@4编著 |
| 701 | 0 | @a高美须@Agao mei xu@4编著 |
| 801 | 0 | @aCN@bNLC@c20080303 |
| 905 | @dTS205.9@e102@f4 | |
| 食品辐照加工技术/汪勋清,哈益明,高美须编著.-北京:化学工业出版社,2005 |
| 293页:图;24cm.-(现代食品加工新技术丛书) |
| ISBN 7-5025-6333-4:CNY32.00 |
| 本书介绍了食品辐照加工技术的基本原理、加工工艺、技术经济可行性、辐照检疫、辐照食品质量管理、辐照食品商业化和国际贸易,全面反映了粮食产品、园艺产品、畜禽产品、水产品、功能食品的辐照加工技术的发展现状和前景。 |
| ● |
| 相关链接 |
|
|
|
|
正题名:食品辐照加工技术
索取号:TS205.9/102
 
预约/预借
| 序号 | 登录号 | 条形码 | 馆藏地/架位号 | 状态 | 备注 |
| 1 | 0614457 | 206144572 | 第二样本阅览室/ [索取号:TS205.9/102] | 在馆 | |
| 2 | 0614458 | 206144581 | 第三借阅区/ [索取号:TS205.9/102] | 在馆 | |
| 3 | 0614459 | 206144590 | 第三借阅区/ [索取号:TS205.9/102] | 在馆 | |
| 4 | 0614460 | 206144607 | 第三借阅区/ [索取号:TS205.9/102] | 在馆 |